Grêmio FBPA Squad 2025 - Statistics

General Stats
  • This quiz has been taken 172 times
    119 since last reset
  • The average score is 22 of 35
Answer Stats
# Position Nation Player % Correct
1 GK Brazil Tiago Volpi
93%
12 GK Brazil Gabriel Grando
90%
4 DF Argentina Walter Kannemann
90%
20 MF Paraguay Mathías Villasanti
87%
9 FW Belgium Francis Amuzu
86%
10 MF Argentina Franco Cristaldo
83%
- Coach Brazil Mano Menezes
83%
16 FW Chile Alexander Aravena
79%
7 FW Argentina Cristian Pavón
79%
22 FW Denmark Martin Braithwaite
79%
53 DF Brazil Gustavo Martins
77%
18 DF Brazil João Pedro
77%
6 MF Colombia Gustavo Cuéllar
76%
11 MF Colombia Miguel Monsalve
76%
3 DF Brazil Wagner Leonardo
73%
17 MF Brazil Dodi
69%
2 DF Brazil João Lucas
64%
19 FW Uruguay Matías Arezo
64%
77 FW Brazil André Henrique
63%
- Coach Bolivia Gustavo Quinteros
63%
8 MF Brazil Edenilson
61%
23 DF Brazil Marlon
61%
21 DF Brazil Jemerson
60%
5 DF Brazil Rodrigo Ely
59%
47 FW Brazil Alysson
57%
99 FW Uruguay Cristian Olivera
56%
25 DF Brazil Lucas Esteves
46%
15 MF Brazil Camilo
40%
14 MF Brazil Nathan
40%
37 MF Brazil Gabriel Mec
36%
31 GK Brazil Jorge
36%
35 MF Brazil Ronald
31%
30 DF Brazil Luan Cândido
21%
- Coach Brazil James Freitas
9%
26 DF Brazil Mayk
6%
No matching quizzes found
Score Distribution
Percent of People with Each Score
Percentile by Number Answered
Your Score History
You have not taken this quiz since the last reset